Central Library OPAC University of Rajshahi

Living verse / (Record no. 17916)

MARC details
000 -LEADER
fixed length control field 00609nam a2200229 a 4500
001 - CONTROL NUMBER
control field 17916
003 - CONTROL NUMBER IDENTIFIER
rucl marc code BD-RjUL
005 - DATE AND TIME OF LATEST TRANSACTION
control field 20211209000218.0
008 - FIXED-LENGTH DATA ELEMENTS--GENERAL INFORMATION
fixed length control field 140219r1960 enk 001 0 eng d
020 ## - INTERNATIONAL STANDARD BOOK NUMBER
International Standard Book Number 1857316517
035 ## - SYSTEM CONTROL NUMBER
System control number (BD-RjUL)17974
040 ## - CATALOGING SOURCE
Original cataloging agency DLC
Language of cataloging eng
Transcribing agency DLC
Modifying agency 1960
041 ## - LANGUAGE CODE
Language code of text/sound track or separate title eng
082 04 - DEWEY DECIMAL CLASSIFICATION NUMBER
Classification number 808.8
Author mark and year LIV 1960
245 00 - TITLE STATEMENT
Title Living verse /
Statement of responsibility, etc. compiled by A.K. Thomson.
260 ## - PUBLICATION, DISTRIBUTION, ETC. (IMPRINT)
Place of publication, distribution, etc. Brisbane :
Name of publisher, distributor, etc. Jacaranda press,
Date of publication, distribution, etc. 1960.
300 ## - PHYSICAL DESCRIPTION
Pagination 203 p ;
Size 21 cm.
504 ## - BIBLIOGRAPHY, ETC. NOTE
Bibliography, etc includes index.
650 #0 - SUBJECT ADDED ENTRY--TOPICAL TERM
Topical term or geographic name as entry element English poetry
Chronological subdivision 20th century.
9 (RLIN) 55271
700 1# - ADDED ENTRY--PERSONAL NAME
Personal name Thomson, A.K.
942 ## - ADDED ENTRY ELEMENTS (KOHA)
Source of classification or shelving scheme Dewey Decimal Classification
Koha item type Books
Holdings
Lost status Source of classification or shelving scheme Damaged status Not for loan Collection code Permanent Location Current Location Shelving location Date acquired Source of acquisition Total Checkouts Full call number Date last seen Copy number Koha item type
  Dewey Decimal Classification   Not For Loan Fiction Central Library, University of Rajshahi Central Library, University of Rajshahi Reading Room 28/05/1966 australia   808.8 LIV 1960 19/02/2014 C-1 Books
  Dewey Decimal Classification   Not For Loan Non-fiction Central Library, University of Rajshahi Central Library, University of Rajshahi   28/06/1973 Heffer & sons   808.8 LIV 1960 03/03/2020 C-3 Books